[Event "Titled Tuesday intern op 02nd Apr Early"]
[Site "Chess.com INT"]
[Date "2024.04.02"]
[Round "3"]
[White "Garrido, Denis"]
[Black "Tan, Jun Ying"]
[Result "0-1"]
[WhiteElo "2230"]
[BlackElo "2303"]
[PlyCount "76"]
[EventDate "2024.04.02"]
[EventType "swiss (blitz)"]
[EventRounds "11"]
[EventCountry "USA"]
[SourceTitle "CB15_2024"]
[SourceDate "2024.04.10"]
[SourceVersion "1"]
[SourceVersionDate "2024.04.10"]
[SourceQuality "1"]

1. e4 c5 2. Nf3 d6 3. Bb5+ Nd7 4. d4 cxd4 5. Qxd4 a6 6. Be2 Ngf6 7. 0-0 e5 8. Qe3 Nc5 9. Nfd2 Be7 10. c4 0-0 11. Nc3 Ng4 12. Bxg4 Bxg4 13. f3 Bg5 14. Qe2 Bd7 15. Rd1 Ne6 16. Nb3 Nf4 17. Bxf4 Bxf4 18. Rxd6 Qe7 19. Rad1 Be6 20. c5 Rad8 21. Nd5 Bxd5 22. R1xd5 Qg5 23. Qd3 Rde8 24. Nd2 Be3+ 25. Kh1 Bd4 26. b4 Qh4 27. Qe2 a5 28. b5 a4 29. Nf1 Rc8 30. c6 bxc6 31. bxc6 Rb8 32. c7 Rbc8 33. Rc6 Qe7 34. g3 Rxc7 35. Qc4 Rxc6 36. Qxc6 Qa3 37. Kg2 Qxa2+ 38. Kh3 Qf2 0-1

[Event "Titled Tuesday intern op 02nd Apr Early"]
[Site "Chess.com INT"]
[Date "2024.04.02"]
[Round "10"]
[White "Tan, Jun Ying"]
[Black "Sai Agni, Jeevitesh J"]
[Result "1-0"]
[WhiteElo "2303"]
[BlackElo "2274"]
[PlyCount "57"]
[EventDate "2024.04.02"]
[EventType "swiss (blitz)"]
[EventRounds "11"]
[EventCountry "USA"]
[SourceTitle "CB15_2024"]
[SourceDate "2024.04.10"]
[SourceVersion "1"]
[SourceVersionDate "2024.04.10"]
[SourceQuality "1"]

1. d4 d5 2. c4 c6 3. Nf3 Nf6 4. e3 e6 5. b3 Nbd7 6. Bb2 Bd6 7. Bd3 0-0 8. 0-0 b6 9. Nc3 Bb7 10. Qc2 dxc4 11. bxc4 e5 12. Ne4 Nxe4 13. Bxe4 Nf6 14. dxe5 Nxe4 15. Qxe4 Be7 16. Nd4 g6 17. Nxc6 Qc7 18. Nxe7+ Qxe7 19. Qf4 Rac8 20. Rad1 Qe6 21. Rd4 Qc6 22. f3 Rfe8 23. Qh6 Re6 24. Rh4 Qc5 25. Bd4 Qa3 26. Qxh7+ Kf8 27. Rf4 Rc7 28. Qh8+ Ke7 29. Qg8 1-0

[Event "Budapest FS11 IM"]
[Site "Budapest"]
[Date "2023.11.07"]
[Round "4"]
[White "Pandey, Srishti"]
[Black "Tan, Jun Ying"]
[Result "0-1"]
[WhiteElo "2187"]
[BlackElo "2326"]
[PlyCount "78"]
[EventDate "2023.11.04"]
[EventType "tourn"]
[EventRounds "9"]
[EventCountry "HUN"]
[SourceTitle "CB47_2023"]
[SourceDate "2023.11.22"]
[SourceVersion "1"]
[SourceVersionDate "2023.11.22"]
[SourceQuality "1"]

1. e4 c5 2. Nf3 Nc6 3. d4 cxd4 4. Nxd4 Nf6 5. Nc3 d6 6. Bg5 Bd7 7. Qd2 Rc8 8. f4 Nxd4 9. Qxd4 Qa5 10. e5 dxe5 11. fxe5 e6 12. 0-0-0 Bc6 13. Nb5 Bxb5 14. exf6 Bc6 15. h4 g6 16. Bc4 Bc5 17. Qg4 h5 18. Qh3 0-0 19. Rhf1 Be4 20. Bb3 Bf5 21. Rxf5 exf5 22. Qg3 Qb6 23. Bh6 Qxf6 24. Bxf8 Rxf8 25. Rd7 f4 26. Qd3 b5 27. a3 Kg7 28. Kb1 Be3 29. Qd5 a5 30. Qxb5 Qxh4 31. Qxa5 Qh1+ 32. Ka2 Qxg2 33. Qe5+ Kh6 34. Bxf7 Qg5 35. Qe4 Qf6 36. Bc4 Bc1 37. Qb7 f3 38. Bd3 Bxb2 39. Qxb2 Qe6+ 0-1

[Event "Budapest Vezerkepzo Fall GM"]
[Site "Budapest"]
[Date "2023.11.02"]
[Round "6"]
[White "Gutla, Aryan"]
[Black "Tan, Jun Ying"]
[Result "0-1"]
[WhiteElo "2308"]
[BlackElo "2250"]
[PlyCount "60"]
[EventDate "2023.10.30"]
[EventType "tourn"]
[EventRounds "9"]
[EventCountry "HUN"]
[EventCategory "7"]
[SourceTitle "Mega2024 Update 01"]
[Source "Chessbase"]
[SourceDate "2023.11.12"]
[SourceVersion "1"]
[SourceVersionDate "2023.11.12"]
[SourceQuality "1"]

1. e4 g6 2. d4 Bg7 3. c4 d6 4. Nc3 e5 5. d5 a5 6. Be2 Na6 7. Be3 Nf6 8. h4 h5 9. Qd2 Ng4 10. Bxg4 hxg4 11. 0-0-0 Nc5 12. Nge2 f5 13. f4 Bd7 14. fxe5 Bxe5 15. Bg5 Bf6 16. e5 dxe5 17. Qe3 b6 18. d6 c6 19. Nf4 Kf7 20. Nfd5 cxd5 21. Nxd5 Bxg5 22. hxg5 f4 23. Qc3 Qxg5 24. Nxb6 f3+ 25. Kb1 Bf5+ 26. Ka1 Rxh1 27. Rxh1 fxg2 28. Rd1 Rh8 29. Qxe5 Rh1 30. Qd5+ Be6 0-1

[Event "Budapest Vezerkepzo Fall GM"]
[Site "Budapest"]
[Date "2023.10.31"]
[Round "2"]
[White "Panesar, Vedant"]
[Black "Tan, Jun Ying"]
[Result "1-0"]
[WhiteElo "2372"]
[BlackElo "2250"]
[PlyCount "87"]
[EventDate "2023.10.30"]
[EventType "tourn"]
[EventRounds "9"]
[EventCountry "HUN"]
[EventCategory "7"]
[SourceTitle "Mega2024 Update 01"]
[Source "Chessbase"]
[SourceDate "2023.11.12"]
[SourceVersion "1"]
[SourceVersionDate "2023.11.12"]
[SourceQuality "1"]

1. e4 c5 2. Nf3 Nc6 3. d4 cxd4 4. Nxd4 Nf6 5. Nc3 d6 6. Bg5 e6 7. Qd2 a6 8. 0-0-0 h6 9. Nxc6 bxc6 10. Bf4 d5 11. Qe3 Bb4 12. Be2 0-0 13. e5 Nh7 14. a3 Be7 15. Ne4 Bd7 16. Nc5 Qc7 17. h4 Qa7 18. Nxd7 Qxd7 19. g4 Rfb8 20. g5 Qb7 21. gxh6 Qxb2+ 22. Kd2 Qxa3 23. Bd3 g6 24. Rdg1 c5 25. h5 c4 26. hxg6 cxd3 27. gxh7+ Kh8 28. Qxd3 Qb4+ 29. Ke3 Rc8 30. Rb1 Qa5 31. Ke2 Qa4 32. Kf3 Rc4 33. Be3 Qc6 34. Bd4 Rc8 35. Kg2 Bg5 36. Qg3 Bxh6 37. Rxh6 Rxd4 38. Qg5 Rg4+ 39. Qxg4 Qxc2 40. Qg5 Qe4+ 41. Kh2 Qf3 42. Rg1 Qxf2+ 43. Rg2 Qf5 44. Qg7# 1-0

[Event "Qatar Masters op"]
[Site "Doha"]
[Date "2023.10.20"]
[Round "9"]
[White "Tan, Jun Ying"]
[Black "Bellahcene, Bilel"]
[Result "1-0"]
[WhiteElo "2250"]
[BlackElo "2520"]
[PlyCount "69"]
[EventDate "2023.10.11"]
[EventType "swiss"]
[EventRounds "9"]
[EventCountry "QAT"]
[SourceTitle "Mega2024 Update 01"]
[Source "Chessbase"]
[SourceDate "2023.11.12"]
[SourceVersion "1"]
[SourceVersionDate "2023.11.12"]
[SourceQuality "1"]

1. d4 Nf6 2. c4 e6 3. Nc3 Bb4 4. e3 b6 5. Nge2 Ba6 6. Qa4 c5 7. a3 Bxc3+ 8. Nxc3 0-0 9. dxc5 bxc5 10. Be2 d5 11. 0-0 Qb6 12. cxd5 Nxd5 13. Nxd5 exd5 14. Bxa6 Nxa6 15. Rd1 c4 16. Rxd5 Rac8 17. Qc2 Nc5 18. Bd2 Rfd8 19. Rxd8+ Rxd8 20. Bc3 Rd3 21. Bb4 Qb5 22. Rc1 Rd5 23. h3 a5 24. Bxc5 Rxc5 25. Qc3 a4 26. Qb4 Qc6 27. Qb8+ Qc8 28. Qxc8+ Rxc8 29. Kf1 Kf8 30. Ke2 Ke7 31. Kd2 Rd8+ 32. Kc2 Rd3 33. Rd1 Rb3 34. Rd4 c3 35. Rb4 1-0

[Event "Qatar Masters op"]
[Site "Doha"]
[Date "2023.10.19"]
[Round "8"]
[White "Bharath, Subramaniyam H"]
[Black "Tan, Jun Ying"]
[Result "*"]
[WhiteElo "2500"]
[BlackElo "2250"]
[PlyCount "283"]
[EventDate "2023.10.11"]
[EventType "swiss"]
[EventRounds "9"]
[EventCountry "QAT"]
[SourceTitle "Mega2024 Update 01"]
[Source "Chessbase"]
[SourceDate "2023.11.12"]
[SourceVersion "1"]
[SourceVersionDate "2023.11.12"]
[SourceQuality "1"]

1. d4 d5 2. Bf4 c6 3. e3 Qb6 4. Qc1 Bf5 5. Nf3 Nf6 6. Be2 Nbd7 7. 0-0 e6 8. c4 Be7 9. Nc3 0-0 10. c5 Qd8 11. b4 Nh5 12. Be5 Nhf6 13. Bg3 Nh5 14. Be5 Nhf6 15. a4 Bg4 16. Bg3 Nh5 17. Nd2 Nxg3 18. hxg3 Bxe2 19. Nxe2 e5 20. Qc3 Qc7 21. b5 Rfe8 22. Qd3 Bf6 23. Nb3 g6 24. Nc3 Kg7 25. a5 a6 26. bxc6 bxc6 27. Na4 e4 28. Qe2 h5 29. Nb6 Ra7 30. Nd2 Nf8 31. Rae1 Ne6 32. f4 exf3 33. Qxf3 Bg5 34. Nb1 Qd8 35. Nc3 f5 36. Qd1 Rae7 37. Qa4 Qc7 38. Rf3 Rd8 39. Na2 Bf6 40. Qd1 Rde8 41. Nb4 Nxd4 42. Rf4 Ne6 43. Rff1 Bc3 44. N6xd5 cxd5 45. Nxd5 Qxc5 46. Nxe7 Bxe1 47. Nxf5+ gxf5 48. Rxe1 Kg6 49. Qe2 Qxa5 50. e4 f4 51. e5 Qc5+ 52. Kh1 Qb4 53. Qd3+ Kh6 54. Rb1 Qe7 55. Rb6 fxg3 56. Qxg3 Qg5 57. Qc3 Kg7 58. Rxa6 Qh4+ 59. Kg1 Qd4+ 60. Qxd4 Nxd4 61. Kh2 Rxe5 62. Ra4 Re4 63. Kh3 Kg6 64. Ra6+ Kg5 65. Ra8 Rh4+ 66. Kg3 Nf5+ 67. Kf2 Rf4+ 68. Kg1 Rg4 69. Kf2 Kh4 70. Ra3 Ng3 71. Kg1 Ne4 72. Kh2 Rg3 73. Ra8 Rb3 74. Rf8 Kg4 75. Rg8+ Ng5 76. Ra8 Re3 77. Ra4+ Re4 78. Ra2 h4 79. Ra8 Re2 80. Ra4+ Ne4 81. Ra3 Ng3 82. Ra4+ Re4 83. Ra8 Nf1+ 84. Kg1 Ne3 85. Kh2 Rd4 86. Rg8+ Kh5 87. Kh3 Nf5 88. Rh8+ Kg5 89. Rg8+ Kf6 90. Ra8 Rd3+ 91. Kh2 Kg5 92. Rg8+ Kf4 93. Rf8 Rg3 94. Rh8 Ra3 95. Rf8 Ra2 96. Kh3 Ra1 97. Kh2 Rb1 98. Ra8 Rd1 99. Rf8 Rd2 100. Kh3 Rd3+ 101. Kh2 Rd5 102. Ra8 Nh6 103. Ra4+ Kg5 104. g3 Ng4+ 105. Kh3 Nf2+ 106. Kg2 hxg3 107. Kxg3 Nd3 108. Kf3 Nc5 109. Ra8 Rd3+ 110. Ke2 Rc3 111. Rf8 Ne6 112. Rf7 Nd4+ 113. Kd2 Ra3 114. Rf8 Nf5 115. Re8 Kf4 116. Kc2 Nd6 117. Rh8 Ke4 118. Rh4+ Kd5 119. Rh8 Re3 120. Ra8 Kc4 121. Ra4+ Kb5 122. Ra8 Kb4 123. Rd8 Ne4 124. Rc8 Nc5 125. Kd2 Re7 126. Rh8 Nb3+ 127. Kd3 Rd7+ 128. Ke3 Kc4 129. Rh4+ Nd4 130. Re4 Kc3 131. Re5 Rg7 132. Rc5+ Kb4 133. Rc8 Nb3 134. Kd3 Rd7+ 135. Ke3 Nc5 136. Rh8 Kc4 137. Re8 Kc3 138. Re5 Nd3 139. Re8 Nb2 140. Ke4 Rd4+ 141. Kf5 Nc4 142. Kf6 *

[Event "Qatar Masters op"]
[Site "Doha"]
[Date "2023.10.18"]
[Round "7"]
[White "Tan, Jun Ying"]
[Black "Ohanyan, Emin"]
[Result "1/2-1/2"]
[WhiteElo "2250"]
[BlackElo "2474"]
[PlyCount "61"]
[EventDate "2023.10.11"]
[EventType "swiss"]
[EventRounds "9"]
[EventCountry "QAT"]
[SourceTitle "Mega2024 Update 01"]
[Source "Chessbase"]
[SourceDate "2023.11.12"]
[SourceVersion "1"]
[SourceVersionDate "2023.11.12"]
[SourceQuality "1"]

1. d4 Nf6 2. c4 e6 3. Nc3 Bb4 4. e3 0-0 5. Nge2 c6 6. a3 Ba5 7. Qc2 d5 8. Ng3 Nbd7 9. Be2 e5 10. 0-0 exd4 11. exd4 dxc4 12. Bxc4 Nb6 13. Ba2 Nbd5 14. Bb1 h6 15. Nh5 Re8 16. Nxd5 cxd5 17. Nxf6+ Qxf6 18. Bd2 Bxd2 19. Qxd2 Bf5 20. Bxf5 Qxf5 21. Rfe1 Rxe1+ 22. Rxe1 Rc8 23. Rc1 Rc4 24. b3 Rxc1+ 25. Qxc1 Kh7 26. h3 Qd3 27. Qc8 Qxb3 28. Qf5+ Kg8 29. Qc8+ Kh7 30. Qf5+ Kg8 31. Qc8+ 1/2-1/2

[Event "Titled Tuesday intern op 01st Aug Early"]
[Site "Chess.com INT"]
[Date "2023.08.01"]
[Round "3"]
[White "Demidov, Mikhail"]
[Black "Tan, Jun Ying"]
[Result "1-0"]
[WhiteElo "2566"]
[BlackElo "2308"]
[PlyCount "99"]
[EventDate "2023.08.01"]
[EventType "swiss (blitz)"]
[EventRounds "11"]
[EventCountry "USA"]
[SourceTitle "EXT 2024"]
[Source "ChessBase"]
[SourceDate "2023.10.10"]
[SourceVersion "1"]
[SourceVersionDate "2023.10.10"]
[SourceQuality "1"]

1. Nf3 c5 2. g3 b6 3. Bg2 Bb7 4. 0-0 Nf6 5. c4 e6 6. Nc3 Be7 7. Re1 0-0 8. e4 d6 9. d4 cxd4 10. Nxd4 Nbd7 11. b3 Qc7 12. Ndb5 Qb8 13. Bf4 Ne5 14. Qd2 a6 15. Nd4 Ng6 16. Be3 Ng4 17. Bg5 Bxg5 18. Qxg5 N4e5 19. Rad1 Qc7 20. Qe3 Rac8 21. h3 Rfe8 22. Rd2 b5 23. Ndxb5 axb5 24. Nxb5 Qc5 25. Nxd6 Qxe3 26. Rxe3 Red8 27. f4 Nc6 28. e5 Ba8 29. a3 Rb8 30. b4 Nce7 31. Bf1 Nf5 32. Red3 Nge7 33. Nxf5 Rxd3 34. Nxe7+ Kf8 35. Rxd3 Kxe7 36. Kf2 Be4 37. Rd4 Bc6 38. Bg2 Bxg2 39. Kxg2 Ra8 40. Rd3 Rc8 41. c5 Ra8 42. Kf3 f6 43. Ke4 fxe5 44. Kxe5 Rf8 45. Kd4 Rd8+ 46. Kc4 Rf8 47. c6 e5 48. fxe5 Ke6 49. b5 Kxe5 50. b6 1-0

[Event "Titled Tuesday intern op 01st Aug Early"]
[Site "Chess.com INT"]
[Date "2023.08.01"]
[Round "6"]
[White "Tan, Jun Ying"]
[Black "Liu, Casper Yukun"]
[Result "1-0"]
[WhiteElo "2308"]
[BlackElo "2278"]
[PlyCount "93"]
[EventDate "2023.08.01"]
[EventType "swiss (blitz)"]
[EventRounds "11"]
[EventCountry "USA"]
[SourceTitle "EXT 2024"]
[Source "ChessBase"]
[SourceDate "2023.10.10"]
[SourceVersion "1"]
[SourceVersionDate "2023.10.10"]
[SourceQuality "1"]

1. Nf3 d6 2. d4 g6 3. g3 Bg7 4. Bg2 Bd7 5. 0-0 Qc8 6. c4 Bh3 7. Nc3 h5 8. Re1 h4 9. Bxh3 Qxh3 10. Ng5 Qd7 11. e4 Nc6 12. Be3 Nf6 13. Qf3 hxg3 14. fxg3 Bh6 15. Rad1 Bxg5 16. Bxg5 0-0-0 17. Bxf6 exf6 18. Qxf6 Qh3 19. Qf2 f5 20. Qg2 Qh6 21. Nd5 Rdf8 22. b4 f4 23. Nxf4 g5 24. Nd5 Qg7 25. Qd2 Rh6 26. b5 Nd8 27. Qa5 Rfh8 28. Re2 Kb8 29. c5 Ne6 30. cxd6 cxd6 31. Qb4 Nf4 32. gxf4 gxf4+ 33. Rg2 Qh7 34. Qd2 Qxe4 35. Nxf4 Rf6 36. Rf1 Rhf8 37. Rgf2 Qf5 38. Ng2 Qg6 39. Rxf6 Rxf6 40. Rxf6 Qxf6 41. Qf4 Qe7 42. h4 Qe2 43. Kh2 Kc8 44. Qxd6 Qg4 45. Qc5+ Kb8 46. Qf8+ Kc7 47. Qf4+ 1-0

[Event "Titled Tuesday intern op 04th Jul Early"]
[Site "Chess.com INT"]
[Date "2023.07.04"]
[Round "10"]
[White "Kostic, V Vladimir"]
[Black "Tan, Jun Ying"]
[Result "1/2-1/2"]
[WhiteElo "2033"]
[BlackElo "2308"]
[PlyCount "179"]
[EventDate "2023.07.04"]
[EventType "swiss (blitz)"]
[EventRounds "11"]
[EventCountry "USA"]
[SourceTitle "EXT 2024"]
[Source "ChessBase"]
[SourceDate "2023.10.10"]
[SourceVersion "1"]
[SourceVersionDate "2023.10.10"]
[SourceQuality "1"]

1. e4 c5 2. Nf3 Nc6 3. Bb5 d6 4. 0-0 Bd7 5. Re1 Nf6 6. h3 e6 7. c3 Ne5 8. Bxd7+ Qxd7 9. d4 Nxf3+ 10. Qxf3 cxd4 11. cxd4 d5 12. e5 Ng8 13. Bg5 Ne7 14. Nc3 Nc6 15. Qd3 Be7 16. Bxe7 Qxe7 17. a3 a6 18. b4 0-0 19. Na4 f6 20. exf6 Qxf6 21. Ra2 Nxd4 22. Nc5 Rf7 23. Rd2 e5 24. Qg3 e4 25. Red1 Nf5 26. Qf4 Ne7 27. Qxf6 Rxf6 28. Nxb7 Rc8 29. Nc5 a5 30. Ra2 Rb6 31. Nb3 axb4 32. a4 Rc3 33. Nd4 b3 34. Rb2 Rb4 35. a5 Rd3 36. Rxd3 exd3 37. Nf3 Nc6 38. a6 Rb6 39. Nd2 Nd4 40. a7 Ra6 41. Nxb3 Ne2+ 42. Kh2 Rxa7 43. Nc5 Ra3 44. Nxd3 Rxd3 45. Rxe2 Kf7 46. f3 Kf6 47. Kg3 Ra3 48. Kf4 Ra4+ 49. Ke3 Ra6 50. Rd2 Rd6 51. Kf4 g5+ 52. Kg4 Kg6 53. Kg3 h5 54. Kf2 Kf5 55. Ke3 Ke5 56. Kd3 d4 57. g3 Rf6 58. Re2+ Kd5 59. Rf2 Re6 60. Kd2 Kc4 61. f4 gxf4 62. gxf4 Ra6 63. f5 Ra2+ 64. Ke1 Rxf2 65. Kxf2 Kc3 66. f6 d3 67. f7 d2 68. f8Q d1Q 69. Qc5+ Kb3 70. Qb5+ Kc3 71. Qa5+ Kc4 72. Qc7+ Kb5 73. Qb7+ Kc5 74. Qc7+ Kb4 75. Qb6+ Kc4 76. Qa6+ Kc5 77. Qa5+ Kc6 78. Qa6+ Kd7 79. Qb7+ Ke6 80. Qe4+ Kf6 81. Qf4+ Kg6 82. h4 Qc2+ 83. Kg3 Qd3+ 84. Kf2 Qc2+ 85. Kf3 Qb3+ 86. Kf2 Qa2+ 87. Kg3 Qb3+ 88. Kf2 Qb6+ 89. Kg3 Qb3+ 90. Kf2 1/2-1/2

[Event "Titled Tuesday intern op 04th Jul Early"]
[Site "Chess.com INT"]
[Date "2023.07.04"]
[Round "6"]
[White "Tan, Jun Ying"]
[Black "Heinemann, Josefine"]
[Result "0-1"]
[WhiteElo "2308"]
[BlackElo "2297"]
[PlyCount "82"]
[EventDate "2023.07.04"]
[EventType "swiss (blitz)"]
[EventRounds "11"]
[EventCountry "USA"]
[SourceTitle "EXT 2024"]
[Source "ChessBase"]
[SourceDate "2023.10.10"]
[SourceVersion "1"]
[SourceVersionDate "2023.10.10"]
[SourceQuality "1"]

1. d4 d5 2. c4 c6 3. Nf3 Nf6 4. Nc3 dxc4 5. e4 b5 6. Be2 e6 7. 0-0 Be7 8. a4 b4 9. e5 bxc3 10. exf6 cxb2 11. fxe7 Qb6 12. Bxb2 Qxb2 13. Bxc4 Qb4 14. Ne5 Qxe7 15. Qf3 0-0 16. Rab1 Qd6 17. Rfd1 a5 18. Bd3 Ba6 19. Bxh7+ Kxh7 20. Qh5+ Kg8 21. Rb3 f6 22. Rh3 fxe5 23. dxe5 Qxd1+ 24. Qxd1 Bc4 25. Qh5 Bd5 26. Qh7+ Kf7 27. Rg3 Rg8 28. h4 Na6 29. h5 Ra7 30. h6 Kf8 31. Qg6 Nb4 32. Rg4 Rf7 33. h7 Rh8 34. Qg5 Ke8 35. Qh5 Kf8 36. g3 c5 37. Rf4 Rxf4 38. gxf4 Be4 39. Qg5 Rxh7 40. Qd8+ Kf7 41. Qxa5 Rh1# 0-1

[Event "Titled Tuesday intern op 04th Jul Early"]
[Site "Chess.com INT"]
[Date "2023.07.04"]
[Round "3"]
[White "Tan, Jun Ying"]
[Black "Vokhidov, Shamsiddin"]
[Result "0-1"]
[WhiteElo "2308"]
[BlackElo "2597"]
[PlyCount "68"]
[EventDate "2023.07.04"]
[EventType "swiss (blitz)"]
[EventRounds "11"]
[EventCountry "USA"]
[SourceTitle "EXT 2024"]
[Source "ChessBase"]
[SourceDate "2023.10.10"]
[SourceVersion "1"]
[SourceVersionDate "2023.10.10"]
[SourceQuality "1"]

1. d4 Nf6 2. c4 e6 3. Nc3 Bb4 4. e3 0-0 5. Nge2 d5 6. a3 Be7 7. cxd5 exd5 8. Nf4 c6 9. Bd3 Bd6 10. 0-0 Re8 11. f3 c5 12. Nce2 Nc6 13. Bc2 h6 14. dxc5 Bxc5 15. Nd4 Qb6 16. Nfe2 a5 17. Kh1 Bd7 18. Rb1 Rac8 19. Bd2 Nxd4 20. exd4 Bd6 21. Bd3 a4 22. Bc3 Bb5 23. Ng3 Bxg3 24. hxg3 Nh5 25. Kh2 Bxd3 26. Qxd3 Qd6 27. f4 Nf6 28. Bb4 Qd7 29. Rbc1 Re3 30. Rxc8+ Qxc8 31. Qd2 Ng4+ 32. Kg1 Rxg3 33. f5 Ne3 34. Rc1 Qxf5 0-1